Planificación administrativa y compromiso social / (Registro nro. 15047)

Detalles MARC
000 -LEADER
fixed length control field 00973nam a2200313 i 4500
001 - CONTROL NUMBER
control field 000017157
003 - CONTROL NUMBER IDENTIFIER
control field DO-SdBPM
005 - DATE AND TIME OF LATEST TRANSACTION
control field 20250509134616.0
007 - PHYSICAL DESCRIPTION FIXED FIELD--GENERAL INFORMATION
fixed length control field ta
008 - FIXED-LENGTH DATA ELEMENTS--GENERAL INFORMATION
fixed length control field 100319t20003 dr r 000 0 spa d
020 ## - INTERNATIONAL STANDARD BOOK NUMBER
International Standard Book Number 9806720008
040 ## - CATALOGING SOURCE
Original cataloging agency DO-SdBPM
Language of cataloging spa
Transcribing agency BPMSU
Description conventions rda
082 #4 - DEWEY DECIMAL CLASSIFICATION NUMBER
Classification number 352.34
Item number R621p 2003
Edition number 22
100 1# - MAIN ENTRY--PERSONAL NAME
Personal name Rivero, Jesús
Relator term autor
Dates associated with a name
245 10 - TITLE STATEMENT
Title Planificación administrativa y compromiso social /
Statement of responsibility, etc. Jesús Rivero
264 ## - PRODUCTION, PUBLICATION, DISTRIBUTION, MANUFACTURE, AND COPYRIGHT NOTICE
Place of production, publication, distribution, manufacture Venezuela :
Name of producer, publisher, distributor, manufacturer Grupo Editorial Decisión Local,
Date of production, publication, distribution, manufacture, or copyright notice 2003
300 ## - PHYSICAL DESCRIPTION
Extent 204 páginas ;
Dimensions 23 cm.
336 ## - CONTENT TYPE
Source rdacontent
Content type term texto
Content type code txt
337 ## - MEDIA TYPE
Source rdamedia
Media type term sin mediación
Media type code n
338 ## - CARRIER TYPE
Source rdacarrier
Carrier type term volumen
Carrier type code nc
500 ## - GENERAL NOTE
General note
590 ## - LOCAL NOTE (RLIN)
Local note Inventariado, 2025/ VM
650 #4 - SUBJECT ADDED ENTRY--TOPICAL TERM
Topical term or geographic name as entry element Administración pública
650 #4 - SUBJECT ADDED ENTRY--TOPICAL TERM
Topical term or geographic name as entry element Prestación de servicios públicos
650 z# - SUBJECT ADDED ENTRY--TOPICAL TERM
Topical term or geographic name as entry element Servicios públicos, Prestación de
650 #4 - SUBJECT ADDED ENTRY--TOPICAL TERM
Topical term or geographic name as entry element Gestión pública
910 ## - USER-OPTION DATA (OCLC)
User-option data VMateo V. Control de calidad. BPMSU
942 ## - ADDED ENTRY ELEMENTS (KOHA)
Source of classification or shelving scheme Dewey Decimal Classification
Koha item type Libros
Existencias
Withdrawn status Lost status Source of classification or shelving scheme Damaged status Not for loan Collection code Home library Current library Date acquired Total Checkouts Full call number Barcode Date last seen Price effective from Koha item type
    Dewey Decimal Classification     Colección General Biblioteca Pública Metropolitana Salomé Ureña Biblioteca Pública Metropolitana Salomé Ureña 05/09/2025   BPMSU CG 352.34 R621p 2003 BPMSU25050019 05/09/2025 05/09/2025 Libros